Az endotoxin túlérzékenység jelensége és a Shwartzman jelenséghez való viszonya [Endotoxin hypersensitivity and relation of this phenomenon to the Shwartzman phenomenon]

Elmentve itt :
Bibliográfiai részletek
Szerzők: Kováts Tibor György
Lázár György
Végh Pál
Dokumentumtípus: Cikk
Megjelent: 1962
Sorozat:KÍSÉRLETES ORVOSTUDOMÁNY 14
Tárgyszavak:
mtmt:2873936
Online Access:http://publicatio.bibl.u-szeged.hu/34158
LEADER 00846nab a2200217 i 4500
001 publ34158
005 20250618151101.0
008 250618s1962 hu o 000 hun d
022 |a 0023-1878 
024 7 |a 2873936  |2 mtmt 
040 |a SZTE Publicatio Repozitórium  |b hun 
041 |a hun 
100 1 |a Kováts Tibor György 
245 1 3 |a Az endotoxin túlérzékenység jelensége és a Shwartzman jelenséghez való viszonya [Endotoxin hypersensitivity and relation of this phenomenon to the Shwartzman phenomenon]  |h [elektronikus dokumentum] /  |c  Kováts Tibor György 
260 |c 1962 
300 |a 12-27 
490 0 |a KÍSÉRLETES ORVOSTUDOMÁNY  |v 14 
650 4 |a Általános orvostudomány 
700 0 1 |a Lázár György  |e aut 
700 0 1 |a Végh Pál  |e aut 
856 4 0 |u http://publicatio.bibl.u-szeged.hu/34158/1/aok_klny_604_62.pdf  |z Dokumentum-elérés